[Event "SWE Team Ch 9293"]
[Site "Sweden"]
[Date "1993.??.??"]
[Round "7"]
[White "Cramling, Pia"]
[Black "Andreasson, Ingvar"]
[Result "0-1"]
[WhiteElo "2520"]
[BlackElo "2390"]
[PlyCount "80"]
[EventDate "1992.??.??"]
[Source "www.chesslib.no"]
[SourceDate "2004.05.04"]

1. d4 e6 2. c4 f5 3. g3 Nf6 4. Bg2 d5 5. Nh3 Be7 6. O-O O-O 7. Nd2 c6 8. Qc2 Qe8 9. Nf3 Ne4 10. Ne5 Nd7 11. Nd3 Bf6 12. e3 g5 13. f3 Nd6 14. b3 Qe7 15. Ba3 Rd8 16. Qf2 dxc4 17. bxc4 c5 18. Rac1 cxd4 19. exd4 Qg7 20. Bb2 Nf7 21. Rfd1 Nf8 22. Ne5 Bxe5 23. dxe5 Bd7 24. Qc2 Ng6 25. Nf2 Bc6 26. Nd3 Qf8 27. Qb3 Qe8 28. Qc3 h5 29. Nc5 h4 30. Nb3 hxg3 31. hxg3 f4 32. Qc2 Kg7 33. Nd4 fxg3 34. Nxc6 Qxc6 35. c5 Nf4 36. Rd6 Qe8 37. Qe4 Qh8 38. Rc2 Qh2+ 39. Kf1 Rh8 40. Rcd2 Qh1+ 0-1

[Event "Karvina (Czech Republic)"]
[Site "?"]
[Date "2003.??.??"]
[Round "5"]
[White "Likavsky Tomas"]
[Black "Shtyrenkov Veniamen"]
[Result "1/2-1/2"]
[WhiteElo "2449"]
[BlackElo "2460"]
[PlyCount "138"]
[EventDate "2003.??.??"]
[Source "www.chesslib.no"]
[SourceDate "2004.05.04"]

1. d4 e6 2. c4 f5 3. g3 Nf6 4. Bg2 Be7 5. Nh3 O-O 6. O-O d6 7. Nc3 e5 8. dxe5 dxe5 9. Qxd8 Rxd8 10. Nd5 Nxd5 11. Bxd5+ Kh8 12. Bg5 Bf6 13. Rad1 Rf8 14. Bxf6 gxf6 15. Rd2 Na6 16. Bg2 Nc5 17. f4 e4 18. Rc2 Ne6 19. Rd1 Ng7 20. Kf2 a5 21. Ke3 Be6 22. Nf2 a4 23. Rd4 a3 24. b3 b5 25. Nd1 c5 26. Rdd2 bxc4 27. bxc4 Rfd8 28. Rxd8+ Rxd8 29. Nc3 Bxc4 30. Nb1 Be6 31. Nxa3 Ra8 32. Nb5 Rxa2 33. Rxa2 Bxa2 34. Bh3 Be6 35. Nd6 Kg8 36. Nb7 c4 37. Kd4 Ne8 38. e3 Kf8 39. Nc5 Ke7 40. Nxe6 Kxe6 41. Kxc4 Nd6+ 42. Kc5 Ne8 43. Bf1 Ng7 44. Kc6 Ke7 45. Ba6 Ne6 46. Bc8 Ng7 47. Kd5 h6 48. Kc5 Kd8 49. Ba6 Kd7 50. Kd5 Ke7 51. Bf1 Kf7 52. Ba6 Ke7 53. Bb5 Ne6 54. Bf1 Ng7 55. Kc6 Ne6 56. Bh3 Ng7 57. Bf1 Ne8 58. Be2 Nd6 59. h3 Ne8 60. g4 Ng7 61. Kd5 Kf7 62. Kd6 fxg4 63. Bxg4 f5 64. Bd1 Kf6 65. Kd5 Ne6 66. Be2 Nf8 67. Bh5 Ne6 68. Be2 Nf8 69. Bh5 Ne6 1/2-1/2

[Event "Seefeld op 10th"]
[Site "Seefeld"]
[Date "1999.09.18"]
[Round "8"]
[White "Kostic, Vladimir"]
[Black "Schmittdiel, Eckhard"]
[Result "1/2-1/2"]
[WhiteElo "2402"]
[BlackElo "2505"]
[PlyCount "103"]
[EventDate "1999.09.11"]
[Source "www.chesslib.no"]
[SourceDate "2004.05.04"]

1. d4 e6 2. c4 f5 3. g3 Nf6 4. Bg2 Be7 5. Nh3 O-O 6. O-O d6 7. Nc3 e5 8. dxe5 dxe5 9. Qb3 c6 10. Ng5 Qb6 11. Qc2 e4 12. a3 h6 13. c5 Qxc5 14. Qb3+ Kh8 15. Be3 Qa5 16. Ne6 Re8 17. Nf4 Nbd7 18. Ng6+ Kh7 19. Nxe7 Rxe7 20. Rfd1 Ng4 21. Bd4 Nc5 22. Qb4 Qxb4 23. axb4 Na6 24. f3 exf3 25. exf3 Ne3 26. Re1 f4 27. gxf4 Nf5 28. Rxe7 Nxe7 29. b5 cxb5 30. Nxb5 Nf5 31. Bf2 Bd7 32. Bf1 Bxb5 33. Bxb5 Nb4 34. Rd1 a6 35. Bd7 Kg6 36. Bb6 a5 37. Kf2 Kf6 38. Bc7 g6 39. Be5+ Ke7 40. Ba4 Nc6 41. Bc3 Rd8 42. Re1+ Kf7 43. Bb3+ Kf8 44. Re6 Rd6 45. Rxd6 Nxd6 46. Ke3 Ke7 47. Bd5 Kd7 48. Kd3 b6 49. Kc2 a4 50. Kd3 b5 51. Bd2 Ne7 52. Ba2 1/2-1/2

[Event "7th Amplico AIG Life"]
[Site "Warsaw POL"]
[Date "2007.12.15"]
[Round "3"]
[White "Genutis, M."]
[Black "Jussupow, Ar"]
[Result "0-1"]
[WhiteElo "2319"]
[BlackElo "2583"]
[PlyCount "86"]
[EventDate "2007.12.15"]
[Source "www.chesslib.no"]
[SourceDate "2004.05.04"]

1. d4 e6 2. c4 f5 3. g3 Nf6 4. Bg2 d5 5. Nh3 Be7 6. O-O O-O 7. b3 Nc6 8. e3 Re8 9. Ba3 Bxa3 10. Nxa3 Ne7 11. Nc2 Ng6 12. Ne1 dxc4 13. bxc4 e5 14. Nf3 e4 15. Nd2 h6 16. Nf4 Nxf4 17. gxf4 Be6 18. Kh1 Bf7 19. Bh3 Bh5 20. Qe1 Bg4 21. Bxg4 Nxg4 22. Rg1 Qh4 23. Rg2 Rad8 24. Nf1 c5 25. Ng3 g6 26. d5 b5 27. Rd1 bxc4 28. Qc3 Rd6 29. Qxc4 Red8 30. Qxc5 h5 31. Qxa7 Qf6 32. Ne2 Qb2 33. Re1 Qd2 34. Rb1 Qxe2 35. h3 Nxf2+ 36. Kg1 Nxh3+ 37. Kh2 Nf2 38. Rb7 Ng4+ 39. Kh3 Qxe3+ 40. Kh4 Qxa7 41. Rxa7 R8d7 42. Ra8+ Kg7 43. Kg5 Nf6 0-1

[Event "Oberliga Bayern 9495"]
[Site "Bayern"]
[Date "1995.??.??"]
[Round "2"]
[White "Farago, Ivan"]
[Black "Wach, Markus"]
[Result "1/2-1/2"]
[WhiteElo "2515"]
[BlackElo "2385"]
[PlyCount "131"]
[EventDate "1994.10.??"]
[Source "www.chesslib.no"]
[SourceDate "2004.05.04"]

1. d4 e6 2. c4 f5 3. g3 Nf6 4. Bg2 Be7 5. Nc3 O-O 6. Qc2 d6 7. Nf3 Nc6 8. d5 exd5 9. cxd5 Nb4 10. Qb3 Na6 11. Nd4 Ng4 12. O-O Nc5 13. Qc2 Bf6 14. Nb3 Nxb3 15. axb3 Bd7 16. h3 Ne5 17. e4 fxe4 18. Nxe4 Bb5 19. Rd1 Be7 20. f4 Nd7 21. Nc3 a6 22. Nxb5 axb5 23. Rxa8 Qxa8 24. Qxc7 Qc8 25. Qxc8 Rxc8 26. Bf1 b4 27. Bd3 Nc5 28. Bf5 Rc7 29. Bd2 Nxb3 30. Bxb4 g6 31. Bd3 Kg7 32. Kg2 Bf6 33. Bb1 Nc5 34. Rd2 Re7 35. Kf2 b6 36. Ba3 Ra7 37. Bc2 Kf7 38. g4 h6 39. Kf3 g5 40. Re2 Ra8 41. Re1 Ra7 42. fxg5 hxg5 43. Rf1 Ra8 44. Ke2 Ke7 45. Rf3 Ra7 46. Re3+ Kf7 47. Kd2 Ra8 48. Bf5 Be5 49. Kc2 Ra7 50. Rf3 Kg7 51. b4 Nd7 52. Kb3 b5 53. Bc1 Bf6 54. Rf2 Rc7 55. Rc2 Rxc2 56. Kxc2 Nb6 57. Be4 Kf7 58. Be3 Nc4 59. Bf2 Bd8 60. Kc3 Bf6+ 61. Bd4 Be5 62. Bf3 Kf6 63. Kd3 Nb2+ 64. Ke4 Na4 65. Ke3 Nc3 66. Bxc3 1/2-1/2

[Event "ch-VEN"]
[Site "San Felipe VEN"]
[Date "2008.01.14"]
[Round "4"]
[White "Iturrizaga, E."]
[Black "Sequera, J."]
[Result "1-0"]
[WhiteElo "2470"]
[BlackElo "2427"]
[PlyCount "75"]
[EventDate "2008.01.13"]
[Source "www.chesslib.no"]
[SourceDate "2004.05.04"]

1. d4 e6 2. c4 f5 3. g3 Nf6 4. Bg2 Be7 5. Nd2 O-O 6. Nh3 c5 7. dxc5 Na6 8. e4 Nxc5 9. exf5 Nd3+ 10. Ke2 d5 11. Kxd3 e5 12. Ke2 Bxf5 13. cxd5 Qc8 14. Qb3 Bg4+ 15. Ke1 Bc5 16. Ne4 Nxe4 17. Bxe4 Bxh3 18. Be3 Bxe3 19. Qxe3 Qc4 20. f3 Qd4 21. Qd2 Qb6 22. Rc1 Bf5 23. Rf1 Rf6 24. Rc4 Raf8 25. Qc3 Qa6 26. a4 Bh3 27. Rf2 Bd7 28. b3 b5 29. Rc7 Bf5 30. Rc6 Rxc6 31. dxc6 Be6 32. Qxe5 Bxb3 33. Qxb5 Qxb5 34. axb5 Bc4 35. Rc2 Bxb5 36. c7 Bd7 37. Bd5+ Kh8 38. Bb7 1-0

[Event "FRA Ch"]
[Site "Chambery"]
[Date "1994.??.??"]
[Round "?"]
[White "Sharif, Mershad"]
[Black "Roos, Louis"]
[Result "1-0"]
[WhiteElo "2455"]
[BlackElo "2440"]
[PlyCount "87"]
[EventDate "1994.08.??"]
[Source "www.chesslib.no"]
[SourceDate "2004.05.04"]

1. d4 e6 2. c4 f5 3. g3 Nf6 4. Bg2 Be7 5. Nh3 d6 6. Nc3 O-O 7. O-O c6 8. e4 fxe4 9. Nxe4 Nxe4 10. Bxe4 Nd7 11. Bg2 e5 12. d5 cxd5 13. Qxd5+ Kh8 14. b3 Nc5 15. Be3 Be6 16. Qd2 Qd7 17. Ng5 Bxg5 18. Bxg5 Bh3 19. Bxh3 Qxh3 20. Qxd6 Ne4 21. Qxe5 Rae8 22. Qd4 h6 23. Be3 Rf5 24. Qd7 Nf6 25. Qxb7 Re4 26. Qc8+ Re8 27. Qb7 Re4 28. Qc8+ Kh7 29. Rfe1 Kg6 30. f3 Re8 31. Qc6 Rh5 32. Re2 Rxe3 33. Rg2 Rhe5 34. Rf1 Qf5 35. f4 Re6 36. Qb5 Qd3 37. f5+ Kh7 38. fxe6 Qd4 39. Qf5+ Kg8 40. Qf2 Ne4 41. Qf7+ Kh7 42. Qf5+ Kh8 43. Kh1 Nf6 44. Qf4 1-0

[Event "op Clarin"]
[Site "?"]
[Date "1996.??.??"]
[Round "2"]
[White "Panno Oscar"]
[Black "Ginzburg Maximiliano"]
[Result "1-0"]
[WhiteElo "2485"]
[BlackElo "2405"]
[PlyCount "105"]
[EventDate "1996.??.??"]
[Source "www.chesslib.no"]
[SourceDate "2004.05.04"]

1. d4 f5 2. g3 Nf6 3. Bg2 e6 4. c4 d5 5. Qc2 c6 6. Nh3 Be7 7. O-O O-O 8. b3 Na6 9. Bb2 Bd7 10. Nd2 Rc8 11. Rad1 Qe8 12. Qb1 Ng4 13. Nf3 h6 14. Nf4 Bd6 15. Nd3 g5 16. h3 Nf6 17. Nfe5 Ne4 18. Kh2 Rc7 19. f3 Nf6 20. c5 Be7 21. Bc3 b6 22. b4 Bc8 23. a4 Nb8 24. cxb6 axb6 25. a5 b5 26. Nc5 Bd6 27. e4 Nh5 28. exd5 exd5 29. Rde1 Rg7 30. Qd1 Qd8 31. Ncd3 f4 32. g4 Ng3 33. Rf2 h5 34. Rc2 Rh7 35. Nf2 Rf6 36. Qd3 Qf8 37. Rb1 Rc7 38. Be1 Qe8 39. Rbc1 Bb7 40. Qc3 Na6 41. Nfd3 hxg4 42. hxg4 Rh7+ 43. Kg1 Qf8 44. Nxc6 Qh6 45. Qb3 Qh2+ 46. Kf2 Nc7 47. Nd8 Ba8 48. Ne5 Re7 49. Ndc6 Re8 50. Qd3 Qh4 51. Kg1 Rh6 52. Na7 Re7 53. Nxb5 1-0

[Event "4th Rectors Cup"]
[Site "Belgorod RUS"]
[Date "2008.02.26"]
[Round "2"]
[White "Zakharevich, I."]
[Black "Ivanov, AA."]
[Result "0-1"]
[WhiteElo "2457"]
[BlackElo "2430"]
[PlyCount "72"]
[EventDate "2008.02.25"]
[Source "www.chesslib.no"]
[SourceDate "2004.05.04"]

1. d4 f5 2. c4 e6 3. g3 Nf6 4. Bg2 Be7 5. Nc3 O-O 6. e3 d5 7. Nge2 c6 8. Nf4 dxc4 9. O-O Nd5 10. e4 fxe4 11. Bxe4 Na6 12. Be3 Nab4 13. a3 Nxf4 14. Bxf4 Nd5 15. Be5 Nf6 16. Bg2 Qe8 17. f4 Bd7 18. Bxf6 Bxf6 19. Re1 Qd8 20. Ne4 Be8 21. Nxf6+ Qxf6 22. Rc1 b5 23. Qd2 Rd8 24. Re5 c5 25. Rxc5 Rxd4 26. Qe1 Rd6 27. Re5 Qd8 28. Rxe6 Qb6+ 29. Re3 Rd3 30. Rc3 Bg6 31. Kh1 Rfd8 32. Bf3 Rd2 33. b3 Qd4 34. bxc4 bxc4 35. Rc1 Bf7 36. Re2 c3 0-1

[Event "Balatonbereny"]
[Site "Balatonbereny"]
[Date "1996.??.??"]
[Round "10"]
[White "Horvath, Jozsef"]
[Black "Wach, Markus"]
[Result "1-0"]
[WhiteElo "2505"]
[BlackElo "2380"]
[PlyCount "137"]
[EventDate "1996.06.13"]
[Source "ChessBase"]

1. d4 f5 2. g3 Nf6 3. Bg2 e6 4. c4 Be7 5. Nh3 O-O 6. O-O d5 7. b3 Ne4 8. Bb2 Bf6 9. Nf4 dxc4 10. bxc4 c5 11. e3 cxd4 12. exd4 Nc6 13. Nd2 Bxd4 14. Bxd4 Nxd2 15. Qxd2 Nxd4 16. Rad1 e5 17. Rfe1 Re8 18. Qb2 exf4 19. Rxe8+ Qxe8 20. Qxd4 fxg3 21. hxg3 Qe7 22. Rd3 Be6 23. Re3 Qd7 24. Qxd7 Bxd7 25. Bxb7 Rb8 26. Bd5+ Kf8 27. Ra3 Re8 28. Rxa7 Be6 29. Kg2 Bxd5+ 30. cxd5 Rd8 31. Ra5 Ke7 32. Kf3 Kd6 33. Kf4 Rc8 34. Kxf5 Rf8+ 35. Ke4 Rxf2 36. Ra6+ Kd7 37. Ra7+ Kd6 38. Ra6+ Kd7 39. a4 Ra2 40. a5 Re2+ 41. Kf4 Rf2+ 42. Kg4 Ra2 43. Ra8 Kd6 44. a6 Kxd5 45. a7 Kc6 46. Rc8+ Kb7 47. Rg8 Ra4+ 48. Kg5 h6+ 49. Kg6 Ra6+ 50. Kh7 Kxa7 51. Rxg7+ Kb8 52. g4 Kc8 53. Rg6 Ra4 54. Kxh6 Kd7 55. Rg7+ Ke8 56. g5 Kf8 57. Rb7 Rg4 58. Kg6 Rg1 59. Rb8+ Ke7 60. Rg8 Rg2 61. Kh7 Rh2+ 62. Kg7 Rg2 63. g6 Rg1 64. Ra8 Rg2 65. Ra6 Rg1 66. Ra2 Re1 67. Rf2 Re3 68. Kg8 Rg3 69. g7 1-0

[Event "Copa de IV"]
[Site "Mestres Copa de IV"]
[Date "1995.??.??"]
[Round "?"]
[White "Gaal, Alfredo"]
[Black "Crespo, Ramon Jose"]
[Result "1/2-1/2"]
[WhiteElo "2370"]
[BlackElo "2515"]
[PlyCount "135"]
[EventDate "1995.??.??"]
[Source "www.chesslib.no"]
[SourceDate "2004.05.04"]

1. d4 f5 2. c4 Nf6 3. g3 e6 4. Bg2 Be7 5. Nh3 O-O 6. O-O d5 7. Nc3 c6 8. Qb3 Qb6 9. Qxb6 axb6 10. cxd5 exd5 11. Bg5 Nbd7 12. a3 Re8 13. e3 h6 14. Bxf6 Nxf6 15. Nf4 g5 16. Nd3 Bd6 17. Rac1 Be6 18. Ne2 Bf7 19. Rc2 Bg6 20. Rc3 Ne4 21. Rcc1 Nd2 22. Rfd1 Nc4 23. Nc3 Kg7 24. Nxd5 cxd5 25. Bxd5 Na5 26. b4 Nc6 27. Bxc6 bxc6 28. Rxc6 Red8 29. Rxb6 Rxa3 30. Nc5 Bf7 31. Rc1 Bd5 32. Kf1 Kf6 33. Nb7 Bxb7 34. Rxb7 Ra4 35. b5 Rb4 36. Rc6 Ke6 37. Rh7 Rxb5 38. Ra6 Kd5 39. Rxh6 Be7 40. Rhe6 Rd7 41. Re5+ Kc4 42. Rc6+ Kb4 43. Rce6 Rxe5 44. Rxe5 f4 45. Ke2 fxe3 46. fxe3 Kc4 47. h3 Ra7 48. Kf3 Kd3 49. d5 Kc4 50. e4 Ra3+ 51. Kg4 Bd6 52. Re6 Rxg3+ 53. Kf5 Kc5 54. e5 Bf8 55. Ke4 Rxh3 56. Rc6+ Kb5 57. Rc8 Rh4+ 58. Kf5 Rd4 59. Rb8+ Kc4 60. Ke6 Bb4 61. d6 g4 62. d7 Ba5 63. Rg8 Bb6 64. Ke7 Kd5 65. e6 Re4 66. d8=Q+ Bxd8+ 67. Rxd8+ Ke5 68. Rh8 1/2-1/2

[Event "Open"]
[Site "Montpellier"]
[Date "2003.??.??"]
[Round "3.12"]
[White "Chernuschevich, Alexei"]
[Black "Pert, Richard G"]
[Result "1/2-1/2"]
[WhiteElo "2489"]
[BlackElo "2380"]
[PlyCount "64"]
[EventDate "2003.07.07"]
[Source "Roberto Alvarez"]
[SourceDate "2003.08.04"]

1. d4 e6 2. c4 f5 3. g3 Nf6 4. Bg2 Be7 5. Nc3 O-O 6. Nf3 d6 7. Qc2 a5 8. a3 Qe8 9. b3 Bd8 10. Bb2 e5 11. dxe5 dxe5 12. O-O c6 13. e4 f4 14. gxf4 exf4 15. e5 Ng4 16. Rfe1 Bf5 17. Qd2 Bb6 18. Nd1 Na6 19. h3 Rd8 20. Qxf4 Be6 21. Qg5 h6 22. Qh4 Rxd1 23. hxg4 Rd3 24. Rad1 Rdxf3 25. Bxf3 Rxf3 26. Bd4 Bd8 27. Qh1 Qf7 28. Be3 Be7 29. Qg2 Nb8 30. Bc5 Nd7 31. Rxd7 Bxd7 32. e6 Bxe6 1/2-1/2

[Event "SWE-chT 9899"]
[Site "Sweden"]
[Date "1998.10.18"]
[Round "3"]
[White "Cramling, Pia"]
[Black "Andreasson, Ingvar"]
[Result "1-0"]
[WhiteElo "2505"]
[BlackElo "2360"]
[PlyCount "97"]
[EventDate "1998.??.??"]
[Source "www.chesslib.no"]
[SourceDate "2004.05.04"]

1. d4 e6 2. c4 f5 3. g3 Nf6 4. Bg2 d5 5. Nh3 Be7 6. O-O O-O 7. Qc2 c6 8. Nd2 Ne4 9. Nf4 Bf6 10. Nf3 Qe7 11. Nd3 Rd8 12. Be3 Bd7 13. Nfe5 Be8 14. f3 Nd6 15. c5 Nf7 16. b4 Nd7 17. f4 g5 18. a4 gxf4 19. gxf4 Bg7 20. Bf3 Nf6 21. Kh1 Nh6 22. Nf2 Kh8 23. Rg1 Ne4 24. Rg2 a5 25. Rag1 Bf6 26. Bxe4 dxe4 27. Nxe4 fxe4 28. f5 exf5 29. Bxh6 Bh5 30. Bg7+ Bxg7 31. Rxg7 Qxg7 32. Rxg7 Kxg7 33. Qd2 e3 34. Qxe3 axb4 35. Qg5+ Bg6 36. Qe7+ Kg8 37. Qe6+ Kg7 38. Qe7+ Kg8 39. Qe6+ Kg7 40. e3 f4 41. Qe7+ Kg8 42. Ng4 h5 43. Nf6+ Kh8 44. Qe5 Kg7 45. exf4 b3 46. Nxh5+ Kh6 47. Qg5+ Kh7 48. Nf6+ Kg7 49. f5 1-0

[Event "Constantin Ungureanu Mem"]
[Site "Bucharest"]
[Date "2004.04.15"]
[Round "1"]
[White "Grigore, George"]
[Black "Grigore, Nicolae Petre"]
[Result "1-0"]
[WhiteElo "2501"]
[BlackElo "2361"]
[PlyCount "83"]
[EventDate "2004.04.15"]
[Source "Roberto Alvarez"]
[SourceDate "2004.05.10"]

1. d4 e6 2. c4 f5 3. g3 Nf6 4. Bg2 c6 5. Nh3 d5 6. O-O Be7 7. Nd2 O-O 8. Qc2 Ne4 9. Nxe4 fxe4 10. f3 exf3 11. exf3 dxc4 12. Qxc4 Qd5 13. Qc3 c5 14. Be3 cxd4 15. Qxd4 Qxd4 16. Bxd4 Nc6 17. Bc3 e5 18. Nf2 Bc5 19. Rfe1 Bf5 20. a3 e4 21. f4 Rae8 22. Rad1 Bb6 23. Rd5 h6 24. Kf1 e3 25. Nd3 Rd8 26. Nc5 Rxd5 27. Bxd5+ Kh7 28. Na4 Bc7 29. Rxe3 Bd6 30. Kg2 Rd8 31. Bxc6 bxc6 32. Ba5 Rd7 33. Nc3 Bc5 34. Re5 Rd2+ 35. Ne2 Rd5 36. Rxd5 Be4+ 37. Kf1 cxd5 38. Bc3 Bf3 39. Nd4 Be4 40. Ne6 Bb6 41. Bd4 Bxd4 42. Nxd4 1-0

[Event "Tatran Cup"]
[Site "Stary Smokovec"]
[Date "1990.??.??"]
[Round "3"]
[White "Hracek, Zbynek"]
[Black "Tibensky, Robert"]
[Result "0-1"]
[WhiteElo "2475"]
[BlackElo "2385"]
[PlyCount "76"]
[EventDate "1990.??.??"]
[Source "ChessBase"]

1. d4 e6 2. c4 f5 3. g3 Nf6 4. Bg2 d5 5. Nh3 c6 6. Qc2 Be7 7. O-O O-O 8. Bf4 Bd7 9. Nd2 h6 10. f3 Be8 11. Kh1 g5 12. Be3 Bg6 13. Bg1 Kh7 14. Qb3 Qb6 15. Qe3 Bf7 16. g4 f4 17. Qc3 Bb4 18. Qc1 Bxd2 19. Qxd2 dxc4 20. e3 Nd5 21. exf4 gxf4 22. Nxf4 Nd7 23. Rae1 Rae8 24. Nxd5 cxd5 25. Be3 h5 26. Bg5 Bg6 27. gxh5 Bd3 28. Bh3 Qxd4 29. Bxe6 Ne5 30. Be3 Qh4 31. Bxd5 Qxh5 32. Bf4 Ng6 33. Be4 Rxe4 34. fxe4 Bxf1 35. Qd7+ Kg8 36. Qe6+ Rf7 37. Rxf1 Nxf4 38. Rg1+ Kh7 0-1

[Event "Cherepovets"]
[Site "Cherepovets"]
[Date "1993.??.??"]
[Round "?"]
[White "Polovodin, Igor A"]
[Black "Zarubin, Pavel"]
[Result "1/2-1/2"]
[WhiteElo "2445"]
[BlackElo "2415"]
[PlyCount "119"]
[EventDate "1993.??.??"]
[Source "www.chesslib.no"]
[SourceDate "2004.05.04"]

1. d4 e6 2. c4 f5 3. g3 Nf6 4. Bg2 d5 5. Nh3 Be7 6. O-O O-O 7. b3 Nc6 8. Bb2 a5 9. cxd5 exd5 10. Nf4 Nb4 11. a3 Na6 12. Nc3 c6 13. f3 Nc7 14. Qc2 Ne6 15. Nxe6 Bxe6 16. Rad1 Qd6 17. e3 Rae8 18. Ne2 Bd8 19. Nf4 Bc8 20. Rfe1 g5 21. Nd3 g4 22. Ne5 gxf3 23. Bxf3 Ng4 24. Nxg4 fxg4 25. Bg2 Bf5 26. e4 dxe4 27. Bxe4 Bxe4 28. Rxe4 Qd5 29. Rde1 h5 30. Qc4 Rxe4 31. Rxe4 Qxc4 32. bxc4 Bf6 33. Bc1 Rd8 34. Be3 b5 35. cxb5 cxb5 36. Kf1 Kf7 37. Ke2 Rd5 38. Kd3 Be7 39. Bc1 Rf5 40. Ke2 Bd6 41. Re3 a4 42. Rc3 Ke6 43. Rc6 Kd7 44. Ra6 Rf3 45. Rb6 Rb3 46. d5 Bc5 47. Rh6 Bxa3 48. Bf4 Rb4 49. Rh7+ Ke8 50. Rh8+ Kd7 51. Rh7+ Ke8 52. Rh8+ Kf7 53. d6 Rd4 54. Rxh5 Bxd6 55. Rxb5 Be7 56. Rb6 Rb4 57. Ra6 Rb2+ 58. Kd3 a3 59. Ke4 Rxh2 60. Kf5 1/2-1/2

[Event "ch-SCCF"]
[Site "Costa Mesa"]
[Date "2003.07.19"]
[Round "2"]
[White "Ambarcumjan, Armen"]
[Black "Altounian, Levon"]
[Result "1/2-1/2"]
[WhiteElo "2424"]
[BlackElo "2427"]
[PlyCount "46"]
[EventDate "2003.07.18"]
[Source "Roberto Alvarez"]
[SourceDate "2003.07.28"]

1. d4 e6 2. c4 f5 3. g3 Nf6 4. Bg2 Be7 5. Nh3 O-O 6. O-O d6 7. b3 c6 8. Bb2 Qe8 9. Nd2 a5 10. Qc2 Na6 11. a3 Ng4 12. Qd3 Bf6 13. f3 Nh6 14. e4 e5 15. Nf2 f4 16. gxf4 exd4 17. Bxd4 Nc5 18. Bxc5 dxc5 19. Ra2 Bd4 20. f5 Qh5 21. f4 Ng4 22. Nf3 g6 23. h3 Nxf2 1/2-1/2

[Event "San Martin"]
[Site "San Martin"]
[Date "1993.??.??"]
[Round "1"]
[White "Scarella, Enrique"]
[Black "Hoffman, Alejandro"]
[Result "1/2-1/2"]
[WhiteElo "2410"]
[BlackElo "2440"]
[PlyCount "103"]
[EventDate "1993.05.??"]
[Source "ChessBase"]

1. c4 f5 2. g3 Nf6 3. Bg2 c6 4. d4 e6 5. Nh3 d5 6. O-O Be7 7. Nd2 O-O 8. Qc2 Ne4 9. Nf4 g5 10. Nd3 Bd7 11. f3 Nxd2 12. Bxd2 Be8 13. Qb3 Qb6 14. e3 Nd7 15. Rfe1 Bg6 16. f4 h6 17. Rec1 Kh7 18. Bb4 Bxb4 19. Qxb4 Qxb4 20. Nxb4 gxf4 21. gxf4 Rg8 22. Kf2 Nf6 23. h3 Ne4+ 24. Bxe4 fxe4 25. cxd5 exd5 26. Rh1 Bf5 27. a3 a5 28. Na2 Ra6 29. Rac1 Rb6 30. Rc2 c5 31. Nc3 Rbg6 32. Re2 cxd4 33. exd4 Rg2+ 34. Ke1 Be6 35. Nd1 Rxe2+ 36. Kxe2 Rg3 37. Ne3 Bxh3 38. Nxd5 Be6 39. Nf6+ Kg6 40. Nxe4 Rg2+ 41. Nf2 Bd5 42. Rh3 h5 43. Ke3 Rg1 44. Nd3 Be6 45. Ne5+ Kh6 46. Rh2 Re1+ 47. Kd3 Rd1+ 48. Kc3 Rc1+ 49. Kd2 Rb1 50. Nd3 Bd5 51. Ke3 Rg1 52. Nf2 1/2-1/2

[Event "Spring Open"]
[Site "Budapest HUN"]
[Date "1989.??.??"]
[Round "?"]
[White "Horvath, Jozsef"]
[Black "Hennig, Dirk"]
[Result "1-0"]
[WhiteElo "2510"]
[BlackElo "2340"]
[PlyCount "49"]
[EventDate "1989.03.??"]
[Source "www.chesslib.no"]
[SourceDate "2004.05.04"]

1. d4 f5 2. g3 Nf6 3. Bg2 e6 4. c4 Be7 5. Nc3 O-O 6. d5 e5 7. e4 Bb4 8. exf5 Bxc3+ 9. bxc3 d6 10. g4 Na6 11. h3 Nc5 12. Be3 b6 13. Bxc5 bxc5 14. Nf3 h6 15. O-O Qd7 16. Nd2 Ba6 17. Qc2 Rfb8 18. f4 exf4 19. Rae1 Rb6 20. Rxf4 Rab8 21. Nb3 Qf7 22. h4 Nd7 23. g5 Ne5 24. f6 Bxc4 25. Rxc4 1-0

[Event "Cordoba Open"]
[Site "Cordoba ARG"]
[Date "1991.??.??"]
[Round "?"]
[White "Yakovich, Yuri"]
[Black "Rivera Kuzawka, Daniel"]
[Result "1/2-1/2"]
[WhiteElo "2530"]
[BlackElo "2320"]
[PlyCount "63"]
[EventDate "1991.??.??"]
[Source "www.chesslib.no"]
[SourceDate "2004.05.04"]

1. d4 f5 2. g3 e6 3. Bg2 Nf6 4. c4 d5 5. Nh3 c6 6. O-O Be7 7. b3 O-O 8. Ba3 a5 9. Bxe7 Qxe7 10. Nd2 Nbd7 11. Nf4 Ne4 12. Rc1 Ndf6 13. Nf3 Bd7 14. Ne5 Be8 15. Qc2 Nd7 16. Nfd3 Nxe5 17. Nxe5 Bh5 18. f3 Nd6 19. e4 fxe4 20. fxe4 Qg5 21. Rfe1 dxe4 22. Qc3 Rad8 23. h4 Qf6 24. Rf1 Bf3 25. Bxf3 exf3 26. Rxf3 Qh6 27. Rcf1 Nf5 28. Rf4 g6 29. g4 g5 30. hxg5 Qxg5 31. Qf3 c5 32. Qf2 1/2-1/2

[Event "Mondariz 03"]
[Site "?"]
[Date "1996.??.??"]
[Round "1"]
[White "Vera Reynaldo"]
[Black "Rivera Kuzawka Daniel"]
[Result "1-0"]
[WhiteElo "2495"]
[BlackElo "2345"]
[PlyCount "74"]
[EventDate "1996.??.??"]
[Source "www.chesslib.no"]
[SourceDate "2004.05.04"]

1. d4 e6 2. g3 f5 3. Bg2 Nf6 4. c4 c6 5. Qc2 d5 6. Nh3 Be7 7. O-O O-O 8. b3 Bd7 9. Nf4 Na6 10. Nd2 g5 11. Nd3 Ng4 12. Nf3 Be8 13. h3 Nh6 14. h4 Nf7 15. hxg5 Nxg5 16. Nxg5 Bxg5 17. Bxg5 Qxg5 18. Nf4 Bf7 19. Bf3 Rad8 20. e3 Qe7 21. cxd5 cxd5 22. Kg2 Rc8 23. Qd1 Be8 24. Rh1 Bd7 25. Rh4 Rf7 26. Qh1 Rg7 27. Rh6 Rc2 28. Qd1 Nb4 29. Rh3 Rxa2 30. Rxa2 Nxa2 31. Qa1 Qa3 32. Rh6 Re7 33. b4 Qb3 34. Bd1 Qc4 35. Be2 Qc2 36. Qh1 Nc3 37. Qh4 Rf7 1-0

[Event "Gausdal Int"]
[Site "Gausdal"]
[Date "1991.??.??"]
[Round "7"]
[White "Bykhovsky, Avigdor"]
[Black "Dittmar, Peter"]
[Result "1/2-1/2"]
[WhiteElo "2500"]
[BlackElo "2340"]
[PlyCount "72"]
[EventDate "1991.08.??"]
[Source "ChessBase"]

1. d4 e6 2. c4 f5 3. g3 Nf6 4. Bg2 Be7 5. Nh3 O-O 6. O-O d5 7. b3 c6 8. Ba3 Bxa3 9. Nxa3 Qe7 10. Nc2 b6 11. Nf4 Bb7 12. Qc1 Nbd7 13. Qa3 Qxa3 14. Nxa3 Rfe8 15. h4 Kf7 16. Rfc1 a5 17. Nc2 Rac8 18. Ne3 g6 19. Rc2 Ne4 20. g4 Ba6 21. Rac1 Nd6 22. gxf5 Nxf5 23. Nxf5 gxf5 24. cxd5 cxd5 25. Rc7 Ke7 26. R7c6 Nf8 27. Rc7+ Rxc7 28. Rxc7+ Kd6 29. Ra7 Bb5 30. a4 Bc6 31. h5 Re7 32. Rxe7 Kxe7 33. e3 Nd7 34. Bf1 Nf6 35. Kg2 Be8 36. Be2 Ne4 1/2-1/2

[Event "Chigorin Mem, St Petersburg RUS"]
[Site "?"]
[Date "2000.??.??"]
[Round "1"]
[White "Kiriakov, P."]
[Black "Purgin, N."]
[Result "1-0"]
[WhiteElo "2525"]
[BlackElo "2310"]
[PlyCount "57"]
[EventDate "2000.??.??"]
[Source "www.chesslib.no"]
[SourceDate "2004.05.04"]

1. d4 f5 2. g3 d5 3. Bg2 e6 4. c4 c6 5. Nh3 Be7 6. O-O Nf6 7. Nd2 O-O 8. Qc2 Na6 9. Nf4 Bd7 10. Nd3 Nb4 11. Nxb4 Bxb4 12. Qb3 Qa5 13. Nf3 c5 14. a3 Qb6 15. cxd5 Nxd5 16. Ne5 Bb5 17. Bxd5 exd5 18. Qxd5+ Kh8 19. Bg5 Ba5 20. b4 h6 21. Be7 Rfe8 22. Bd6 Bc6 23. Nxc6 bxc6 24. Qf7 cxd4 25. bxa5 Qb2 26. Rad1 d3 27. Qxf5 Re4 28. Bb4 Rae8 29. Rd2 1-0

[Event "JUG-Cup f"]
[Site "Pula"]
[Date "1991.??.??"]
[Round "1"]
[White "Jukic, Mirko"]
[Black "Kiroski, Toni"]
[Result "1-0"]
[WhiteElo "2460"]
[BlackElo "2375"]
[PlyCount "113"]
[EventDate "1991.??.??"]
[Source "www.chesslib.no"]
[SourceDate "2004.05.04"]

1. d4 f5 2. c4 Nf6 3. g3 e6 4. Bg2 d5 5. Nh3 c6 6. Qc2 Be7 7. O-O O-O 8. b3 b5 9. Ba3 a5 10. Bxe7 Qxe7 11. Nd2 Ra7 12. Nf4 g5 13. Nd3 g4 14. Rac1 Na6 15. Ne5 Rc7 16. Qc3 b4 17. Qe3 c5 18. Qg5+ Kh8 19. Qh6 Qg7 20. Ng6+ Kg8 21. Qxg7+ Kxg7 22. Nxf8 Kxf8 23. dxc5 d4 24. c6 Nb8 25. c5 Ba6 26. Rfe1 Nxc6 27. Nc4 Bxc4 28. Rxc4 e5 29. e4 fxe4 30. Bxe4 Nxe4 31. Rxe4 h5 32. Kg2 Rf7 33. Rc1 Ke7 34. Rce1 Ke6 35. Rf1 Rf3 36. h3 Kd5 37. hxg4 hxg4 38. Rxg4 Rc3 39. Rg7 Rxc5 40. g4 Ke6 41. Rh1 d3 42. Rh6+ Kd5 43. Rd7+ Ke4 44. Rh3 Nd4 45. Re3+ Kf4 46. Rxd3 Kxg4 47. Rg7+ Kf5 48. Ra7 Ne2 49. Rf3+ Nf4+ 50. Kg3 Rc3 51. Rxa5 Ke4 52. Re3+ Rxe3+ 53. fxe3 Nd3 54. a4 bxa3 55. Rxa3 Kxe3 56. b4 Kd4 57. b5 1-0